Animal locomotion, or walking, swimming, and flying. With a dissertation on aeronautics. Illustratted by 130 engravings on wood

Guardat en:
Dades bibliogràfiques
Autor principal: Pettigrew, J. Bell (Autor)
Format: Llibre
Idioma:anglès
Publicat: Londres C. Kegan Paul & Co., 1 Paternoster Square 1874
Edició:1a. ed
Col·lecció:International Scientific Series, VII
Matèries:
Etiquetes: Afegir etiqueta
Sense etiquetes, Sigues el primer a etiquetar aquest registre!

MARC

LEADER 00000nam a2200000 a 4500
001 UCJ7019
003 CL-VaPUC
008 070124e18740000UK |||||||||||||||||eng|d
082 0 4 |a 503  |b PET  |2 21 
100 0 |a Pettigrew, J. Bell  |e author  |9 514850 
245 1 0 |a Animal locomotion, or walking, swimming, and flying. With a dissertation on aeronautics. Illustratted by 130 engravings on wood 
250 |a 1a. ed 
300 |a xiii, 260 p 
942 |c BK 
945 |d 20070124 00:00:00  |a rinostro 
260 |a Londres  |b C. Kegan Paul & Co., 1 Paternoster Square  |c 1874 
500 |a Ilustraciones sin indizar 
650 0 |a Zoología  |9 261613 
650 7 |a TRANSPORTE  |2 CL-VaPUC  |9 256365 
650 7 |a LOCOMOCION ANIMAL  |2 CL-VaPUC  |9 328293 
650 0 |a Ilustraciones  |9 369481 
650 0 |a Aves  |9 262192 
650 7 |a PECES  |2 CL-VaPUC  |9 514851 
650 7 |a MAMIFEROS  |2 CL-VaPUC  |9 266111 
650 0 |a Mecánica   |9 260096 
650 0 |a Aeronáutica   |9 265722 
583 |a last modification  |c 20070124 00:00:00  |k Rodrigo Vera 
490 0 |a International Scientific Series, VII 
999 |c 323121  |d 323119 
952 |0 0  |1 0  |4 0  |6 503_000000000000000_PET_1874  |7 0  |8 X  |9 402437  |a FDOBUD  |b FDOBUD  |d 2019-11-22  |i 1020862  |o 503 PET 1874  |p 1020862  |r 2019-11-22  |w 2019-11-22  |y BK_X  |k BUD